Πλάτωνος Μένων ; Πλάτωνος Θεαίτητος (ή περί επιστήμης, πειραστικός) ; Πλάτωνος λύσις (ή περί φιλίας, μαιευτικός) : αρχαίον κείμενον
Saved in:
| Main Author: | |
|---|---|
| Other Authors: | , , |
| Format: | Book |
| Language: | Greek Ancient Greek |
| Published: |
Εν Αθήναις :
Πάπυρος,
1938-1949
|
| Series: | Βιβλιοθήκη "Παπύρου" ;
; 32, 137, 127 Βιβλιοθήκη "Παπύρου". Τα άπαντα των αρχαίων Ελλήνων συγγραφέων. |
| Subjects: | |
| Tags: |
Add Tag
No Tags, Be the first to tag this record!
|
MARC
| LEADER | 00000cam a2200000 i 4500 | ||
|---|---|---|---|
| 001 | 1/99006 | ||
| 008 | 081209m19381949 gre d | ||
| 035 | |l 10102298 | ||
| 040 | |a GR-MY-UA |b gre |e aacr | ||
| 041 | 0 | |a gre |a grc | |
| 082 | 0 | |a 184 |2 (22) | |
| 100 | 0 | |a Πλάτων, |d 428 ή 7-348 ή 7 π.Χ. | |
| 245 | 1 | 0 | |a Πλάτωνος Μένων ; Πλάτωνος Θεαίτητος (ή περί επιστήμης, πειραστικός) ; Πλάτωνος λύσις (ή περί φιλίας, μαιευτικός) : |b αρχαίον κείμενον / |c [Πλάτων] ; εισαγωγή - μετάφρασις - σημειώσεις Έλλης Λαμπρίδη, Τάκη Δημοπούλου, Ανδρ. Παυλόπουλου |
| 260 | |a Εν Αθήναις : |b Πάπυρος, |c 1938-1949 | ||
| 300 | |a [415] σ.; |c 20 εκ. | ||
| 490 | 1 | |a Βιβλιοθήκη "Παπύρου" |v ; 32, 137, 127 | |
| 490 | 1 | |a Τα άπαντα των αρχαίων Ελλήνων συγγραφέων | |
| 500 | |a Περιέχει αρχαίο κείμενο και νεοελληνική μετάφραση σε αντικριστές σελίδες | ||
| 500 | |a Το αντίτυπο της Ρόδου με αριθμό εισαγωγής 156656 περιέχει τα έργα: Πλάτωνος Θεαίτητος και Πλάτωνος λύσις | ||
| 650 | 0 | 0 | |a Philosophy, Ancient. |
| 700 | 1 | |a Παυλόπουλος, Ανδρέας. |4 aui |4 trl | |
| 700 | 1 | |a Λαμπρίδη, Έλλη, |d 1898-1970. |4 aui |4 trl | |
| 700 | 1 | |a Δημόπουλος, Τάκης Ν., |d 1918-1949. |4 aui |4 trl | |
| 740 | 0 | 2 | |a Πλάτωνος Θεαίτητος |
| 740 | 0 | 2 | |a Πλάτωνος λύσις |
| 830 | 0 | |a Βιβλιοθήκη "Παπύρου" ; |v ; 32, 137, 127 | |
| 830 | 0 | |a Βιβλιοθήκη "Παπύρου". |p Τα άπαντα των αρχαίων Ελλήνων συγγραφέων. | |
| 852 | |a INST |b RHODES |c AKA |e 20081209 |h 184 ΠΛΑ |p 005400031579 |q 005400031579 |t BK |y 0 | ||
| 901 | |a BIBL4-2008-3 | ||
| 909 | |a Ρ |b 156656 | ||
| 970 | |a ΚΟΖΑ |b ΜΑΡΙΑ |z 2008/12/09 | ||